000 01313nam a22003857a 4500
003 CHAP
005 20220817043022.0
008 971010s1956 r 00010 d
010 _a62937
011 _a63909
035 _a68624
040 _cCHAP
082 _a634.956
_bF35
110 _aFAO
245 _aMétodos de plantación en zonas áridas
260 _aRoma :
_bFAO,
_c1956
300 _a191 p.
_b: ilus.
490 _aFAO. Cuadernos de fomento forestal
_v; 6
590 _aBATCH-UPD
_b10
_c20130110
_lUCH01
_h0831
590 _aBATCH-UPD
_b10
_c20130410
_lUCH01
_h0509
590 _aBATCH-UPD
_b10
_c20130914
_lUCH01
_h0717
590 _aCONVERSION
_b10
_c20130109
_lUCH01
_h1334
650 1 4 _aBosques
_xRegiones áridas.
_914379
650 1 4 _aPlantación de árboles.
_988782
650 1 4 _aReforestación
_xRegiones áridas.
_995506
650 1 4 _aRegiones áridas
_xBosques.
_995675
700 0 _aGoor, A. Y.
_949980
830 0 _aFAO. Cuadernos de fomento forestal
_v; 6
_939508
901 _aBK
942 _cLIBRO
949 _a634.956 F35
_bBC
_cFAO
_d-147418
_eFAO1
_h23800
_i68624
_si
949 _a634.956 F35
_bBC
_cFAO
_d-147419
_eFAO2
_fc.2
_h23802
_i68624
_si
949 _a634.956 F35
_bBC
_cFAO
_d-147420
_eFAO2
_fc.3
_h23801
_i68624
_si
949 _a634.956 F35
_bDCF
_cLIBRO
_d-752
_eLIBRO
_h3757
_i68624
_si
999 _c62937
_d62937